Rating law and practice (Record no. 94524)

MARC details
000 -LEADER
fixed length control field 00508cam a2200205 4500
001 - CONTROL NUMBER
control field D1258
008 - FIXED-LENGTH DATA ELEMENTS--GENERAL INFORMATION
fixed length control field 090401t1981 xxu||||| |||| 00| 0 eng d
035 ## - SYSTEM CONTROL NUMBER
System control number (Sirsi) u63291
041 ## - LANGUAGE CODE
Language code of text/sound track or separate title eng
050 ## - LIBRARY OF CONGRESS CALL NUMBER
Classification number 336.21026
100 ## - MAIN ENTRY--PERSONAL NAME
Personal name Barnfield, J.O.
245 ## - TITLE STATEMENT
Title Rating law and practice
250 ## - EDITION STATEMENT
Edition statement 2nd
260 ## - PUBLICATION, DISTRIBUTION, ETC.
Place of publication, distribution, etc. London
Name of publisher, distributor, etc. Rating and Valuation Association
Date of publication, distribution, etc. 1981
300 ## - PHYSICAL DESCRIPTION
Extent x1. 415p. 22cm.
350 ## - PRICE (NR) (BK AM CF MU VM SE) [OBSOLETE]
Price 16.5
520 ## - SUMMARY, ETC.
Summary, etc. 2nd edition by J.O. Barnfield et al
942 ## - ADDED ENTRY ELEMENTS (KOHA)
Suppress in OPAC 0
948 ## - LOCAL PROCESSING INFORMATION (OCLC); SERIES PART DESIGNATOR (RLIN)
c (OCLC) 04/03/1997
Holdings
Withdrawn status Lost status Source of classification or shelving scheme Damaged status Not for loan Home library Current library Shelving location Date acquired Cost, normal purchase price Total Checkouts Full call number Barcode Date last seen Copy number Cost, replacement price Price effective from Koha item type
    Dewey Decimal Classification     London London Basement 14/09/1999 16.50   SHELF 113 30015476 06/08/2019 1 16.50 06/08/2019 Reference material